Statistics for 24 Tallest Mountains within 1,800 Km

Click here to take the quiz!

General Stats

  • This quiz has been taken 59 times
  • The average score is 9 of 24

Answer Stats

LAT LON H (m) D (km) MOUNTAIN % Correct
27.9833333386.916666678848Mount Everest
98%
35.35138.716666737762077Mount Fuji
96%
-3.06666666737.3558955510Kilimanjaro
96%
45.833333336.8548102812Mont Blanc
88%
63.06666667-15161947450Denali
88%
43.3542.4333333356422473Mount Elbrus
77%
19.81666667-155.466666742053947Mauna Kea
67%
-43.58333333170.133333337543140Aoraki/Mount Cook
65%
-32.65-70696216518Aconcagua
63%
36.56666667-118.283333344212649Mount Whitney
46%
-4.066666667137.1548845262Puncak Jaya
23%
19.01666667-97.2666666756362690Pico de Orizaba
21%
4.2166666679.16666666740402338Mont Cameroun
21%
6.083333333116.5540952538Gunung Kinabalu
21%
-9.116666667-77.667462196Nevado Huascarán
15%
19.7833333318.5534452001Emi Koussi
13%
-78.51666667-85.6166666748924911Vinson Massif
12%
31.05-7.941672078Jebel Toubkal
10%
-21.0833333355.4666666730712767Piton des Neiges
6%
23.46666667120.9539521815Yushan
6%
56.05160.633333347502748Klyuchevskaya Sopka
6%
-29.4666666729.2666666734823003Thabana Ntlenyana
4%
68.91666667-29.8833333336943254Gunnbjørn Fjeld
2%
-1.683333333101.2538051905Gunung Kerinci
0%

Score Distribution

Percentile by Number Answered

Percent of People with Each Score

Your Score History

You have not taken this quiz